Statistics for 都道府県魅力度ランキング2023 top10とworst10

Click here to take the quiz!

General Stats

  • This quiz has been taken 35 times
  • The average score is 10 of 20

Answer Stats

点数都道府県名% Correct
172.4北海道
100%
256.6京都府
83%
352.7沖縄県
78%
449.0東京都
74%
543.3大阪府
74%
739.4神奈川県
70%
4713.7茨城県
65%
640.4福岡県
65%
4613.8佐賀県
57%
4416.3群馬県
48%
837.2奈良県
43%
933.4石川県
43%
4515.8埼玉県
43%
1032.3長崎県
39%
4018.3栃木県
35%
4117.3鳥取県
30%
4216.6徳島県
26%
4216.6山口県
22%
3818.4福井県
22%
3918.3岐阜県
13%

Score Distribution

Percentile by Number Answered

Percent of People with Each Score

Your Score History

You have not taken this quiz